00701 2200253 4500001002100000005001700021008004100038035002400079082001200103090001900115100002000134245007600154250001100230260002800241300002400269500004100293650003100334700002200365850001500387980001100402985000600413986001300419999001500432YOGYA-0209000001257020090227022234.0 ind  0010-020900000012570 a001.642 a001.642bFou A aFOUCH, Brenda L aAcuan ringkas autocadcBrenda L. Fouch ; alih bahasa, Sahat M. Pasaribu aCet. 2 aJakartabErlanggac1991 a[4], 188 hlmc18 cm aJudul asli : Autocad quick reference aAutocad (Program komputer) aPasaribu, Sahat M aYOPDYOG(B) a020605 a1 afwhrtrev a94P0034047